Διοίκηση και Διαχείριση Έργων / Μέθοδοι και Τεχνικές Νέα Αναθεωρημένη Έκδοση (Record no. 2966)
[ view plain ]
| 000 -LEADER | |
|---|---|
| fixed length control field | 01366cam a22002054a 4500 |
| 005 - ΗΜΕΡΟΜΗΝΙΑ ΚΑΙ ΩΡΑ ΤΕΛΕΥΤΑΙΑΣ ΕΝΗΜΕΡΩΣΗΣ | |
| Πεδίο ελέγχου | 20250605163346.0 |
| 008 - FIXED-LENGTH DATA ELEMENTS--GENERAL INFORMATION | |
| Πεδίο ελέγχου σταθερού μήκους | 250528s ||||||||||||||||||||||||d |
| 035 ## - SYSTEM CONTROL NUMBER | |
| System control number | 17562 |
| 020 ## - ISBN | |
| ISBN | 9789602187326 |
| 040 ## - ΠΗΓΗ ΚΑΤΑΛΟΓΟΓΡΑΦΗΣΗΣ | |
| Φορέας πρωτότυπης καταλογογράφησης | MC Athens Campus Library |
| Γλώσσα καταλογογράφησης | Ελληνικά, Μοντέρνα (1453-) |
| Modifying agency | MC Athens Campus Library |
| Κανόνες περιγραφικής καταλογογράφησης | AACR2 |
| 245 1# - ΤΙΤΛΟΣ ΚΑΙ ΔΗΛΩΣΗ ΥΠΕΥΘΥΝΟΤΗΤΑΣ | |
| Τίτλος | Διοίκηση και Διαχείριση Έργων / Μέθοδοι και Τεχνικές Νέα Αναθεωρημένη Έκδοση |
| 250 ## - EDITION STATEMENT | |
| Edition statement | 2η |
| 260 ## - PUBLICATION, DISTRIBUTION, ETC. | |
| Name of publisher, distributor, etc. | Κριτική, |
| Date of publication, distribution, etc. | 2011 |
| 300 ## - PHYSICAL DESCRIPTION | |
| Extent | 616 |
| 520 ## - SUMMARY, ETC. | |
| Summary, etc. | Ένα Σύγγραμμα που επιχειρεί να καλύψει βασικά ζητήματα διοίκησης, οργάνωσης και προγραμματισμού των έργων. Ανάλυση Βασικών Εννοιών για τα έργα, Εισαγωγή στη Διοίκηση των Έργων, Ηγεσία και Καθοδήγηση στις Επιχειρήσεις και τα Έργα, Απόδοση και Υποκίνηση και Κίνητρα και Αμοιβές των Εργαζομένων, Επιλογή και Μεταβολές και Αξιολόγηση του Προσωπικού, Ανάλυση Χρηματοδοτικών Προβλημάτων στα Έργα, Ασκήσεις, Βιβλιογραφία. |
| 700 1# - ΠΡΟΣΘΕΤΗ ΑΝΑΓΡΑΦΗ--ΦΥΣΙΚΟ ΠΡΟΣΩΠΟ | |
| Personal name | Πολύζος Σεραφείμ |
| 942 ## - ADDED ENTRY ELEMENTS (KOHA) | |
| Koha item type | Books |
| Τύπος τεκμηρίου | Βιβλιοθήκη | Τρέχουσα τοποθεσία | Barcode | Αριθμός εισαγωγής | Ημερομηνία απόκτησης | Ταξιθετικό σύμβολο | Αριθμός αντιτύπου | Κατάσταση απόσυρσης | Κατάσταση χαμένου | Κατάσταση κατεστραμμένου | Μη δανεισμός | Σύνολο δανεισμών | Ημερομηνία τελευταίας εμφάνισης | Η τιμή ισχύει από |
|---|---|---|---|---|---|---|---|---|---|---|---|---|---|---|
| Books | MC Athens Campus Library | MC Athens Campus Library | 9780000029652 | 5774 | 05/06/2025 | 658.404 POL | 1 | 05/06/2025 | 05/06/2025 |